• 首页
  • 本馆介绍
  • 公告通知
  • 最新文献
  • 馆藏检索
  • 电子资源
  • 读者导购
  • 参考咨询
  • 我的图书馆
  • 登录
  • 详细信息显示
  • 放入我的书架
  • 预约/预借图书
  • 作者相关作品
  • 分类相关作品
  • 丛书相关作品
  • 出版社相关作品

书目信息

  • 表格格式
  • 工作单格式
  • 卡片格式
题名:
非线性时间序列在线预测建模与仿具
    
 
作者: 伍雪冬
分册:  
出版信息: 北京   国防工业出版社  2015.11
页数: 153页
开本: 20cm
丛书名:
单 册:
中图分类: O211.61
科图分类:
主题词: 概率论 , 数理统计
电子资源:
ISBN: 7-118-10654-2
000 00676nam0 2200217 450
001 2088
005 20161205101439.31
010    @a7-118-10654-2@dCNY48.00
100    @a20150808d2015 km y0chiy0120 ea
101 0  @achi
102    @aCN@b110000
200 1  @a非线性时间序列在线预测建模与仿具@Afei xian xing shi jian xu lie zai xian yu ce jian mo yu fang ju@f伍雪冬@Fwu xue dong
210    @a北京@c国防工业出版社@d2015.11
215    @a153页@d20cm
330    @a非线性·时间序列分析·仿具模型
606 0  @a概率论
606 0  @a数理统计
690    @aO211.61@v4
701  0 @a伍雪冬@Awu xue dong
801  0 @aCN@b大连网信软件有限公司图书馆·11@c20161205
905    @aZUCC@dO211.61@e316
    
    非线性时间序列在线预测建模与仿具/伍雪冬.-北京:国防工业出版社,2015.11
    153页;20cm
    
    
    ISBN 7-118-10654-2:CNY48.00
    非线性·时间序列分析·仿具模型
●
相关链接 在E读中查询图书 在五车中查询图书 在当当中查询图书 在豆瓣中查询图书


正题名:非线性时间序列在线预测建模与仿具     索取号:O211.61/316         预约/预借

序号 登录号 条形码 馆藏地/架位号 状态 备注
1 910311   209103110   第二样本阅览室/ [索取号:O211.61/316] 在馆    
2 910312   209103129   第三借阅区/ [索取号:O211.61/316] 在馆    
3 910313   209103138   第三借阅区/ [索取号:O211.61/316] 在馆    
4 910314   209103147   第三借阅区/ [索取号:O211.61/316] 在馆    
唐山师范学院图书馆 欢迎您!
大连网信软件有限公司© 版权所有